000 01435cad a22002895a 4500
001 E151528
002 ##
008 101115s2010 xxk 000 0 eng u
020 _a9781842196250
035 _a(Sirsi) u151528
041 0 _aeng
050 0 4 _a658.91 $2 18
110 2 _aRoyal Institution of Chartered Surveyors
_94900
245 0 0 _aPractice management guidelines
_bthe management of surveying businesses
_h[electronic resource]
250 _a3rd ed.
260 _aCoventry
_bRICS
_c2010
300 _aiv, 60p.
_c30cm
490 0 _aRICS Guidance Note
_vGN 12/2010
520 _aFocuses on the processes and procedures which practitioners will face when managing and leading a surveying practice, be it in the private or public sector. Provides advice to surveyors on various aspects of practice management, including setting the strategic direction and effective financial management and marketing, to developing effective client relationships, shaping an effective team and motivating staff in the delivery of exemplary customer service.
520 _aSupersedes second edition (1842191365)
520 _aOUT OF DATE ARCHIVED 23 DECEMBER 2016
590 _aKA
651 4 _aInternational
690 _aMANAGEMENT-BUSINESS MANAGEMENT
856 4 1 _uhttps://www.rics.org/Global/Downloads/Practice_management_guidelines_3rd_edition_PGguidance_2010.pdf
_zView the guidance free of charge at www.rics.org
942 _n0
999 _c111424
_d111424